000
00295nam a22001337a 4500
008
181103b xxu||||| |||| 00| 0 eng d
020
_a
9789951692038
041
_a
eng
080
_a
721
100
_a
41
101
_a
ARK
245
_a
Reflektime te nje Qytetari
_c
Sadiki, A
942
_2
udc
_c
BK
999
_c
51774
_d
51774